| 000 | 00791cam a22002411 4500 | ||
|---|---|---|---|
| 008 | 150304s1970 sp ab 000 0 spa d | ||
| 040 |
_aEG-GiCUC _bspa _cEG-GiCUC |
||
| 050 | 0 | 0 |
_aF1230 _b.C833 1970 |
| 092 | 0 | 4 |
_a972.02 _bC828 1970 _221 |
| 099 |
_a04 _a972.02 C828 1970 |
||
| 100 | 1 |
_aCortes, Hernan, _d1485-1547. |
|
| 245 | 0 | 0 | _aCartas de relacion de la conquista de Me{u00B4}xico. |
| 250 | _a5a ed. | ||
| 260 |
_aMadrid: _bEspasa-Calpe, _c1970. |
||
| 300 |
_a300 p. : _billus., maps , _c18 cm. |
||
| 490 | 0 | _aColeccion austral, v. extra 547 | |
| 651 | 0 |
_aMexico _xHistory _yConquest, 1519-1540. |
|
| 902 | _a1 | ||
| 905 |
_aJamal _eCat. |
||
| 905 |
_aJihan _eRev. |
||
| 942 |
_2ddc _cBK |
||
| 999 |
_c138076 _d138076 |
||